Seis chicos malos / (Registro nro. 8380)

Detalles MARC
000 -LIDER
fixed length control field 00710nam a22002417a 4500
001 - NÚMERO DE CONTROL
Identificador de número de control 0074
003 - IDENTIFICACDOR DE NÚMERO DE CONTROL
control field DO-SdBNP
005 - DATE AND TIME OF LATEST TRANSACTION
control field 20180208101509.0
007 - CAMPOS FIJOS DE DESCRIPCIÓN FÍSICA
fixed length control field 0074
008 - ELEMENTOS DE LONGITUD FIJA
fixed length control field 151014b sp 1967 xxu||||| |||| 00| 0 spa d
040 ## - FUENTE DE CATALOGACIÓN
Agencia que crea de manera original el registro BPMSU
Idioma de catalogación spa
Agencia que realiza la transcripción BPMSU
100 10 - ASIENTO PRINCIPAL -- NOMBRE PERSONAL
Nombre personal Blyton, Enid
240 ## - TITULO UNIFORME
Título uniforme The six bad boys
Idioma de una obra Español
245 1# - MENCIÓN DE TITULO
Título Seis chicos malos /
Mención de responsabilidad Enid Blyton ; traducción Ma. Lourdes Pol de Ramirez; ilustraciones de Mary Gernat
300 ## - DESCRIPCIÓN FÍSICA
Extensión 175 p. :
Otros detalles físicos il.,
Dimensiones 20 cm.
490 10 - MENCIÓN DE SERIES
Mención de serie Aventura ;
Volume/sequential designation 82
700 1# - ASIENTO SECUNDARIO -- NOMBRE PERSONAL
Nombre personal Pol de Ramírez, Maria de Lourdes
Mención de responsabilidad trad.
700 1# - ASIENTO SECUNDARIO -- NOMBRE PERSONAL
Nombre personal Gernat, Mary
Mención de responsabilidad il.
830 00 - ASIENTO SECUNDARIO DE SERIE--TÍTULO UNIFORME
Título uniforme Aventura ;
Número de la parte o sección de una obra 82
942 ## - ADDED ENTRY ELEMENTS (KOHA)
Source of classification or shelving scheme Dewey Decimal Classification
Koha item type Libros
945 ## - INFORMACIÓN DE PROCESAMIENTO LOCAL
Información de procesamiento local Inventariado, 2018/MFF
956 ## - LOCAL ELECTRONIC LOCATION AND ACCESS (OCLC)
Nombre de host Brenda Tavárez
Existencias
Withdrawn status Lost status Source of classification or shelving scheme Damaged status Not for loan Home library Current library Date acquired Source of acquisition Total Checkouts Barcode Date last seen Price effective from Koha item type
    Dewey Decimal Classification     Biblioteca Pública Metropolitana Salomé Ureña Biblioteca Pública Metropolitana Salomé Ureña 10/14/2015 Donación   BPMSU15100107 10/14/2015 10/14/2015 Libros